00753nam a2200193 a 450000100060000000300090000600800410001502000150005604000280007108200170009910000180011624500420013426000300017630000070020650502640021365000340047765000230051165000250053417136CO-ViMGA141112s2004 ck r 000 u spa d a9701506987 aCO-ViMGAbspacCO-ViMGA04a372.52 S158c1 aSalvador, Ana10aConocer al niño a traves del dibujo aMadrid; Alfaomega, c2001 a78 aDistintos enfoques sobre el dibujo Que es el dibujo para el niño? Para los educadores? Para los psicólogos 31 - - Etapas del dibujo Evolución del dibujo infantil, El dibujo de la figura humana : La imagen corporal 53 - - Que pueden hacer los padres 69 14aARTE - ESTUDIO Y ENSEÑANAZA14aDIBUJOS INFANTILES14aNIÑOS - PSICOLOGIA